Traditional Counties of Ireland unscramble Quiz Stats

 Plays Quiz not verified by Sporcle

Challenge
Share
Tweet
Embed
Score 0/32 Timer 03:00
0 Plays Today
% Correct
DUBLIN
96.4%
WATERFORD
96.4%
CAVAN
94.5%
CORK
94.5%
GALWAY
94.5%
KERRY
94.5%
KILKENNY
94.5%
LEITRIM
94.5%
LONDONDERRY
94.5%
WICKLOW
94.5%
CLARE
92.7%
SLIGO
92.7%
TIPPERARY
92.7%
TYRONE
92.7%
ANTRIM
90.9%
ARMAGH
90.9%
% Correct
DOWN
90.9%
KILDARE
90.9%
LAOIS
90.9%
LONGFORD
90.9%
LOUTH
90.9%
MEATH
90.9%
OFFALY
90.9%
ROSCOMMON
90.9%
WEXFORD
90.9%
CARLOW
89.1%
FERMANAGH
89.1%
LIMERICK
89.1%
MAYO
89.1%
MONAGHAN
89.1%
WESTMEATH
89.1%
DONEGAL
85.5%

You're not logged in!

Compare scores with friends on all Sporcle quizzes.
Join for Free
OR
Log In

You Might Also Like...

Show Comments

Extras

Top Quizzes Today


Score Distribution

Your Account Isn't Verified!

In order to create a playlist on Sporcle, you need to verify the email address you used during registration. Go to your Sporcle Settings to finish the process.

Report this User

Report this user for behavior that violates our Community Guidelines.

Details: